000
00309 a2200109 4500
001
ART_12909
005
20260410161909.0
008
260409a
245
1
0
_a
Los presupuestos base cero
100
1
_a
Pyhrr, Peter A.
773
0
_t
Costos y gestión
_g
- Año 13, Nº 53 (sep. 2004)
_w
REV12786
999
_c
26670
_d
26670